000
nam a22 7a 4500
999
_c
342431
_d
342431
003
NUST
005
20171227105453.0
008
171227b xxu||||| |||| 00| 0 eng d
040
_c
0
082
_a
297.122 DAR
245
_a
Al Quran alqareem
260
_a
Lahore
_b
Darussalam
_c
2011.
300
_a
628p.
500
_a
H.B
942
_2
ddc
_c
BK
_k
IESE